000 00404cam a2200157ua 4500
003 OSt
008 240325b |||||||| |||| 00| 0 eng d
041 _amal
082 _a028.73494
_bKAR/SR
100 _aKarunakara Menon, .
_96183
245 0 0 _aSridevi Malayalam-English dictionary /
250 _a1 /
260 _aKallettumkara :
_bAmbika Publications ,
_c1960.
300 _a556 ; .
942 _cBK
999 _c10208
_d10208